000 00491nam a2200181Ia 4500
001 7757
005 20260306160518.0
008 260306t2009||||xx |||||||||||||| ||spa||
041 _aESP
082 _a361.3
_bR74
100 _aRodríguez, Marcela
_eAUT
245 0 _aMetodología integral de evaluación de proyectos sociales:
_bIndicadores de resultados e impactos
260 _c2009
300 _a185 páginas :
_c24 cm.
650 _aGEN
654 _aCAN
942 _cLIB
_dJUS
_fJUS
_2ddc
_n
999 _c7757
_d7757